00408nam a2200133 a 450000500170000000800410001702000180005805000180007624500520009426000530014630000230019944000260022265000260024820140412111315.0001219s19uu xx 00 eng d a0-7214-1177-0 aERbCo83 1989 aColours /cillustrated by Margaret Chamberlain. aLeicestershire, UK :bLadybird Books Ltd,c1989. a1 v. (unp.) ; ill. aA Ladybird Rhyme Book aColours, for children